[Event "Lansing (Apr)"]
[Site "?"]
[Date "1992.??.??"]
[Round "?"]
[White "Brauker, J."]
[Black "Cooper, G."]
[Result "1-0"]
[WhiteElo "1605"]
[BlackElo "1605"]
[PlyCount "83"]
[EventDate "1992.??.??"]

1. e4 e5 2. Nf3 Nc6 3. Bb5 Nd4 4. Nxd4 exd4 5. d3 Nf6 6. Bf4 c6 7. Ba4 d6 8.
O-O Be7 9. Nd2 O-O 10. Bb3 d5 11. exd5 Nxd5 12. Bg3 Bd6 13. Bxd5 Bxg3 14. Bxf7+
Rxf7 15. fxg3 Rxf1+ 16. Qxf1 Qg5 17. Qf4 Qc5 18. Rf1 Be6 19. Nc4 Bxc4 20. dxc4
Rd8 21. Qf7+ Kh8 22. Kh1 Qd6 23. a3 a5 24. Qf4 Qe7 25. h3 h6 26. Qf3 Re8 27.
Rf2 Kg8 28. Kh2 Qe3 29. Qxe3 Rxe3 30. g4 g5 31. Kg1 Re1+ 32. Rf1 Re2 33. Rf2
Re1+ 34. Kh2 Kg7 35. Rd2 c5 36. Kg3 Re3+ 37. Kf2 Kf6 38. Rd3 Re4 39. c3 Ke5 40.
cxd4+ Rxd4 41. Re3+ Kf4 42. g3# 1-0

[Event "East Lansing (MI Am/1)"]
[Site "?"]
[Date "1992.??.??"]
[Round "?"]
[White "Brauker, J."]
[Black "Choyke, J."]
[Result "1/2-1/2"]
[WhiteElo "1605"]
[BlackElo "1605"]
[PlyCount "106"]
[EventDate "1992.??.??"]

1. d4 d5 2. c4 Nc6 3. Nc3 dxc4 4. Nf3 a6 5. a4 e6 6. e3 Na5 7. Ne5 Nb3 8. Ra2
Nxc1 9. Qxc1 Nf6 10. Bxc4 Bb4 11. O-O O-O 12. b3 Qe7 13. Re2 c5 14. Qc2 cxd4
15. exd4 Rd8 16. Rd1 Bxc3 17. Qxc3 Nd5 18. Bxd5 Rxd5 19. Qd3 b5 20. Rc2 Bb7 21.
Rdc1 Qd6 22. Nxf7 Kxf7 23. Rc7+ Kg8 24. Rxb7 Rxd4 25. Qf3 Rf8 26. Qe2 Rd8 27.
h3 Rd1+ 28. Rxd1 Qxd1+ 29. Qxd1 Rxd1+ 30. Kh2 bxa4 31. bxa4 Ra1 32. Rb6 Rxa4
33. Rxe6 Ra2 34. Kg3 a5 35. Ra6 a4 36. Kf3 a3 37. Ke3 h6 38. Ra7 Ra1 39. g4 a2
40. Ke2 Rh1 41. Rxa2 Rxh3 42. Ra7 Rh4 43. Kf3 Rh1 44. Kg2 Re1 45. f3 Kh7 46.
Rb7 Re6 47. Kg3 Rg6 48. Rb5 Rf6 49. f4 Rc6 50. f5 Kg8 51. Rb7 Rf6 52. Kf4 Rf7
53. Rb8+ Rf8 1/2-1/2

[Event "Detroit (MI Op/7/16)"]
[Site "?"]
[Date "1992.??.??"]
[Round "?"]
[White "Brattin, Vincent"]
[Black "Wilson, Vester"]
[Result "1-0"]
[WhiteElo "1940"]
[BlackElo "2055"]
[PlyCount "43"]
[EventDate "1992.??.??"]

{7/(16)} 1. e4 e5 2. Nf3 Nc6 3. Bb5 f5 4. d4 exd4 5. exf5 Bb4+ 6. Bd2 Qe7+ 7.
Qe2 a6 8. Bxc6 Bxd2+ 9. Nbxd2 bxc6 10. Nxd4 c5 11. N4b3 Qxe2+ 12. Kxe2 d6 13.
g4 Nf6 14. f3 h5 15. h3 Bb7 16. Rhe1 hxg4 17. Kf2+ Kd7 18. hxg4 Rh2+ 19. Kg3
Rah8 20. c4 R8h3+ 21. Kf4 Rf2 22. Rh1 1-0

[Event "Detroit (MI Op/5/32)"]
[Site "?"]
[Date "1992.??.??"]
[Round "?"]
[White "Brattin, Vincent"]
[Black "Walker, Douglas"]
[Result "1-0"]
[WhiteElo "1940"]
[BlackElo "1815"]
[PlyCount "53"]
[EventDate "1992.??.??"]

{5/(32)} 1. e4 e6 2. Qe2 e5 3. b3 Bc5 4. Bb2 d6 5. h3 Ne7 6. Nf3 Nbc6 7. c3 O-O
8. d4 exd4 9. cxd4 Bb4+ 10. Nbd2 Re8 11. O-O-O d5 12. exd5 Nxd5 13. Qc4 Bf5 14.
Bd3 Bxd3 15. Qxd3 Nf4 16. Qf5 Ne2+ 17. Kb1 Nc3+ 18. Bxc3 Bxc3 19. Ng5 Re2 20.
Qxf7+ Kh8 21. Qh5 Qxg5 22. Qxg5 Rae8 23. Nc4 Bxd4 24. Rxd4 Nxd4 25. Rd1 Nc6 26.
Ne3 h6 27. Qh5 1-0

[Event "Detroit (MI Op/2/12)"]
[Site "?"]
[Date "1992.??.??"]
[Round "?"]
[White "Brattin, Vincent"]
[Black "Laren, Philip"]
[Result "0-1"]
[WhiteElo "1940"]
[BlackElo "2215"]
[PlyCount "62"]
[EventDate "1992.??.??"]

{2/(12)} 1. e4 d5 2. Nc3 dxe4 3. Nxe4 Nf6 4. Nxf6+ gxf6 5. Bc4 h5 6. Qf3 Nd7 7.
d4 Nb6 8. Qb3 Nxc4 9. Qxc4 c6 10. Bf4 Qa5+ 11. Qc3 Qxc3+ 12. bxc3 Rg8 13. g3
Be6 14. h4 Bd5 15. f3 O-O-O 16. Rh2 e5 17. dxe5 fxe5 18. Bxe5 Bc4 19. Ne2 Re8
20. Bf4 Rg6 21. Kd2 Rd8+ 22. Ke1 Re6 23. Rd1 Rde8 24. Rd3 Bxa2 25. Kd2 Bc4 26.
Re3 Rd8+ 27. Ke1 a5 28. Rxe6 fxe6 29. Be3 a4 30. Kf2 Rd1 31. Rg2 a3 0-1

[Event "Detroit (MI Op/3/22)"]
[Site "?"]
[Date "1992.??.??"]
[Round "?"]
[White "Brady, Lindell"]
[Black "Thomas, C."]
[Result "1/2-1/2"]
[WhiteElo "1940"]
[BlackElo "2100"]
[PlyCount "105"]
[EventDate "1992.??.??"]

{3/(22)} 1. e4 e6 2. d4 d5 3. exd5 Qxd5 4. Nc3 Bb4 5. Bd2 Bxc3 6. Bxc3 Nf6 7.
Nf3 O-O 8. Bd3 b6 9. Qe2 Bb7 10. Bc4 Qe4 11. O-O Qxe2 12. Bxe2 Ne4 13. Bb4 Rd8
14. c3 a5 15. Be7 Re8 16. Bh4 a4 17. a3 Ra5 18. Bd3 Nd7 19. Bxe4 Bxe4 20. Nd2
Bd3 21. Rfe1 Rb5 22. Re3 Bg6 23. Nc4 Rc8 24. Rd1 Bc2 25. Rd2 Bb3 26. Ne5 Nxe5
27. Rxe5 Rxe5 28. dxe5 Bd5 29. c4 Bxc4 30. Rd8+ Rxd8 31. Bxd8 b5 32. Bxc7 h5
33. f4 Kh7 34. Kf2 Kg6 35. g3 Kf5 36. h4 Ke4 37. Ba5 Kd3 38. Bc3 Kc2 39. Ke3
Kd1 40. Kf2 Kc2 41. Ke1 Kd3 42. Kf2 Bd5 43. Bb4 Be4 44. Be1 Bf5 45. Bb4 Bg4 46.
Ba5 Ke4 47. Bc3 Kf5 48. Bd4 f6 49. Bc3 fxe5 50. Bxe5 g6 51. Bc3 Ke4 52. Be5 Kd3
53. Bc3 1/2-1/2

[Event "Detroit (MI Op/7/27)"]
[Site "?"]
[Date "1992.??.??"]
[Round "?"]
[White "Brady, Lindell"]
[Black "Sorensen, D."]
[Result "1/2-1/2"]
[WhiteElo "1940"]
[BlackElo "1675"]
[PlyCount "74"]
[EventDate "1992.??.??"]

{7/(27)} 1. e4 c6 2. d4 d5 3. exd5 cxd5 4. Bd3 Nc6 5. c3 Nf6 6. Bf4 Bg4 7. Qb3
Qd7 8. Nd2 e6 9. Ngf3 Bxf3 10. Nxf3 Bd6 11. Bxd6 Qxd6 12. O-O O-O 13. Rfe1 Rab8
14. Qc2 b5 15. a3 a5 16. Ne5 Rfc8 17. Rac1 Nxd4 18. Qd1 Nc6 19. Nxc6 Qxc6 20.
Qd2 Qb7 21. h3 Rc7 22. Rc2 b4 23. axb4 axb4 24. c4 Rbc8 25. b3 dxc4 26. Bxc4
Rd7 27. Qe2 Rcd8 28. Kh1 Rd4 29. f3 Qd7 30. Ra1 Rd1+ 31. Rxd1 Qxd1+ 32. Qxd1
Rxd1+ 33. Kh2 g6 34. Ra2 Rd6 35. Ra4 Rb6 36. Ra8+ Kg7 37. Rd8 Rb7 1/2-1/2

[Event "Detroit (MI Op/5/13)"]
[Site "?"]
[Date "1992.??.??"]
[Round "?"]
[White "Brady, Lindell"]
[Black "Fischvogt, Eric"]
[Result "0-1"]
[WhiteElo "1940"]
[BlackElo "2230"]
[PlyCount "38"]
[EventDate "1992.??.??"]

{5/(13)} 1. e4 c5 2. Nf3 e6 3. b3 d5 4. Bb5+ Nc6 5. exd5 exd5 6. O-O Bd6 7. Bb2
Nf6 8. Re1+ Be6 9. Ng5 O-O 10. Rxe6 fxe6 11. Nxe6 Bxh2+ 12. Kh1 Qd6 13. Nxf8
Rxf8 14. Bxc6 Ne4 15. Bxd5+ Qxd5 16. Kxh2 Qg5 17. f3 Qg3+ 18. Kg1 Qf2+ 19. Kh2
Rf4 0-1

[Event "Detroit (MI Op/1a/7)"]
[Site "?"]
[Date "1992.??.??"]
[Round "?"]
[White "Brady, Lindell"]
[Black "Feldman, Steve"]
[Result "0-1"]
[WhiteElo "1940"]
[BlackElo "2290"]
[PlyCount "44"]
[EventDate "1992.??.??"]

1. e4 Nc6 2. Nf3 f5 3. e5 e6 4. d4 d6 5. Bb5 Bd7 6. O-O Nge7 7. Bg5 h6 8. Bxe7
Bxe7 9. c4 O-O 10. Nc3 a6 11. Ba4 Na5 12. Bxd7 Qxd7 13. b3 b5 14. Qe2 bxc4 15.
bxc4 Rfe8 16. Rfd1 Bf8 17. Rdc1 dxe5 18. dxe5 Qc6 19. Nd1 Bc5 20. Ne3 Qe4 21.
Qc2 Bxe3 22. Qxe4 fxe4 0-1

[Event "East Lansing (MI Am/4)"]
[Site "?"]
[Date "1992.??.??"]
[Round "?"]
[White "Boyle, R."]
[Black "Sanborn, Neil"]
[Result "0-1"]
[WhiteElo "1605"]
[BlackElo "1605"]
[PlyCount "54"]
[EventDate "1992.??.??"]

1. e4 e5 2. Bc4 Bc5 3. d3 Qf6 4. Nf3 h6 5. O-O g5 6. Be3 g4 7. Bxc5 gxf3 8.
Qxf3 Qxf3 9. gxf3 d6 10. Bb5+ Nc6 11. Be3 Nf6 12. Nc3 Bh3 13. Rfd1 Rg8+ 14. Kh1
Bg2+ 15. Kg1 Bxf3+ 16. Bg5 Rxg5+ 17. Kf1 Bxd1 18. Rxd1 O-O-O 19. h4 Rg4 20. f3
Rxh4 21. Ke2 d5 22. Nxd5 Nxd5 23. exd5 Nd4+ 24. Kd2 Nxb5 25. c4 Rh2+ 26. Ke3
Nd4 27. Re1 Nc2+ 0-1

[Event "East Lansing (MI Am/5)"]
[Site "?"]
[Date "1992.??.??"]
[Round "?"]
[White "Boyle, R."]
[Black "Gaiefsky, S."]
[Result "0-1"]
[WhiteElo "1605"]
[BlackElo "1605"]
[PlyCount "58"]
[EventDate "1992.??.??"]

1. e4 c5 2. Bc4 d6 3. Nf3 Nf6 4. Ng5 e6 5. d3 d5 6. exd5 exd5 7. Bb3 Be7 8. c4
O-O 9. O-O Nc6 10. Nc3 d4 11. Nb5 a6 12. Nxd4 Qxd4 13. Be3 Qe5 14. d4 cxd4 15.
c5 Ng4 16. Qxg4 Bxg4 17. Nxf7 Rxf7 18. Bxf7+ Kxf7 19. f4 Qxe3+ 20. Kh1 Qd3 21.
Rfd1 Bxd1 22. h3 Qf1+ 23. Kh2 Qxf4+ 24. Kg1 Qe3+ 25. Kh1 Qe1+ 26. Kh2 Bxc5 27.
Rxd1 Bd6+ 28. g3 Qxg3+ 29. Kh1 Qh2# 0-1

[Event "East Lansing (MI Am/1)"]
[Site "?"]
[Date "1992.??.??"]
[Round "?"]
[White "Boyle, John"]
[Black "Vaka, Flamur"]
[Result "0-1"]
[WhiteElo "1605"]
[BlackElo "1605"]
[PlyCount "152"]
[EventDate "1992.??.??"]

1. d4 Nf6 2. e3 e6 3. Bd3 b6 4. f4 c5 5. c3 cxd4 6. exd4 Qc7 7. Nf3 Bb7 8. O-O
Bd6 9. Ne5 Nd5 10. Qh5 g6 11. Qh4 Be7 12. Qh6 Bf8 13. Qh4 d6 14. Nxg6 Ne7 15.
Nxh8 Qc6 16. Rf2 h6 17. Qh5 Na6 18. Qxf7+ Kd7 19. Na3 Nc7 20. c4 Qa4 21. Ng6
Qd1+ 22. Bf1 Qg4 23. Nxf8+ Kd8 24. Nh7 Ne8 25. Nf6 Nxf6 26. Qxf6 Kd7 27. Nb5 a6
28. Be2 Qg8 29. Nc3 Rf8 30. Qxh6 Nf5 31. Qg5 Qh8 32. Bf3 Bxf3 33. Rxf3 Rg8 34.
Qxg8 Qxg8 35. Rd3 Qh7 36. Be3 Nh4 37. Rad1 Qg6 38. g3 Nf3+ 39. Kf2 Nxh2 40. c5
Ng4+ 41. Kg2 d5 42. cxb6 Kc8 43. Na4 Kb7 44. Rb3 Qc2+ 45. Rd2 Nxe3+ 46. Kf3
Qxd2 47. Rxe3 Qd1+ 48. Re2 Qxa4 49. Rxe6 Qxd4 50. f5 Qd1+ 51. Kf4 d4 52. f6 d3
53. Re7+ Kxb6 54. f7 d2 55. Kg5 Qf1 56. Re6+ Kc7 57. Rf6 Qb5+ 58. Rf5 Qxf5+ 59.
Kxf5 d1=Q 60. f8=Q Qf3+ 61. Ke6 Qxf8 62. g4 Kc6 63. g5 Kc5 64. g6 Kd4 65. Kd7
Qg7+ 66. Kc6 Qxg6+ 67. Kb7 a5 68. a4 Kc5 69. b4+ Kxb4 70. Kc7 Kc5 71. Kd7 Qd6+
72. Ke8 Qc7 73. Kf8 Kd6 74. Kg8 Ke6 75. Kh8 Kf6 76. Kg8 Qg7# 0-1

[Event "East Lansing (MI Am/3)"]
[Site "?"]
[Date "1992.??.??"]
[Round "?"]
[White "Boyle, John"]
[Black "Ghani, M."]
[Result "1-0"]
[WhiteElo "1605"]
[BlackElo "1605"]
[PlyCount "79"]
[EventDate "1992.??.??"]

1. d4 Nf6 2. e3 a6 3. Bd3 g6 4. f4 d5 5. Nd2 Bg7 6. Ngf3 Nc6 7. c3 O-O 8. O-O
Ng4 9. Qe2 b5 10. Ne5 Ngxe5 11. fxe5 e6 12. Rf3 Ne7 13. Rh3 f5 14. exf6 Rxf6
15. Qe1 Nf5 16. Bxf5 Rxf5 17. e4 Rf7 18. e5 Bb7 19. Nb3 Qe7 20. Qg3 Rf5 21. Be3
Raf8 22. Nd2 b4 23. Rf1 Rxf1+ 24. Nxf1 a5 25. Bg5 Qf7 26. Ne3 c5 27. Qh4 Bh8
28. Bh6 Rc8 29. Rf3 Qc7 30. Qf4 Bg7 31. Ng4 cxd4 32. Nf6+ Kh8 33. Rh3 Rd8 34.
Bxg7+ Qxg7 35. Qxd4 h5 36. Nxh5 gxh5 37. Rxh5+ Kg8 38. Qh4 Ba6 39. g3 Kf7 40.
Rh7 1-0

[Event "Detroit (MOR/2/103)"]
[Site "?"]
[Date "1992.??.??"]
[Round "?"]
[White "Boyer, Mike"]
[Black "Troupe, D."]
[Result "0-1"]
[WhiteElo "1605"]
[BlackElo "1605"]
[PlyCount "120"]
[EventDate "1992.??.??"]

{2/(103)} 1. e4 e5 2. Nf3 Nc6 3. Nc3 a6 4. a3 Nf6 5. Bc4 h6 6. d3 d6 7. Nd5 Bg4
8. h3 Bh5 9. g4 Bg6 10. Bd2 Nxd5 11. exd5 Nb8 12. Qe2 c6 13. dxc6 Nxc6 14.
O-O-O Be7 15. h4 Nd4 16. Nxd4 exd4 17. g5 h5 18. f4 f5 19. Qe6 Bh7 20. Qf7+ Kd7
21. Qe6+ Kc7 22. Qf7 Bg8 23. Qxg7 Bxc4 24. dxc4 Rc8 25. Rhe1 Re8 26. Qxd4 Kb8
27. Be3 b6 28. Qxb6+ Qxb6 29. Bxb6 Rxc4 30. Be3 Rec8 31. c3 Kb7 32. Bg1 R8c7
33. g6 Bxh4 34. Rf1 Kc6 35. Bd4 Rc8 36. Rde1 Bxe1 37. Rxe1 Rg8 38. g7 Rxd4 39.
cxd4 Rxg7 40. Rh1 Rg4 41. Rxh5 Rxf4 42. Kc2 Rf3 43. Kb1 Kd5 44. Ka2 Kxd4 45. a4
d5 46. b3 Kc3 47. Ka3 d4 48. a5 d3 49. Rh4 d2 50. Rc4+ Kd3 51. Kb2 d1=Q 52.
Rc3+ Ke2 53. Rc2+ Qxc2+ 54. Kxc2 Rd3 55. b4 f4 56. b5 axb5 57. Kb2 f3 58. a6
Rd7 59. Kb3 f2 60. Kb4 f1=Q 0-1

[Event "Detroit (MOR/4/110)"]
[Site "?"]
[Date "1992.??.??"]
[Round "?"]
[White "Boyer, Mike"]
[Black "Ruelas, Erik"]
[Result "0-1"]
[WhiteElo "1605"]
[BlackElo "1605"]
[PlyCount "106"]
[EventDate "1992.??.??"]

{4/(110)} 1. e4 c5 2. Bc4 d6 3. Nc3 Nc6 4. Nf3 e6 5. d4 cxd4 6. Nxd4 Nge7 7.
Bg5 f6 8. Bd2 Nxd4 9. Be3 Ndc6 10. Nb5 Ng6 11. Bb3 a6 12. Nd4 Nxd4 13. Qxd4 e5
14. Qc4 Qd7 15. Rd1 b5 16. Qd5 Bb7 17. Qd3 Rc8 18. c3 Be7 19. a3 Rf8 20. Ba2 f5
21. exf5 Rxf5 22. b4 Bxg2 23. Rg1 Nh4 24. Bc5 Nf3+ 25. Ke2 Nxg1+ 26. Ke1 e4 27.
Qg3 Bf3 28. Rd2 Rg5 29. Qf4 Rf5 30. Qg3 Ne2 31. Qxg7 Bf8 32. Qg8 Rcxc5 33. bxc5
Rxc5 34. Be6 Qg7 35. Qxg7 Bxg7 36. Rxd6 Bxc3+ 37. Kf1 Bb2 38. Bb3 Rc1+ 39. Bd1
Nc3 40. Ke1 Nxd1 41. Kd2 Bxa3 42. h4 Nxf2 43. Ke3 Ng4+ 44. Kf4 e3 45. Re6+ Kf7
46. Rxe3 Nxe3 47. Kxe3 b4 48. h5 b3 49. h6 b2 50. Kf2 b1=Q 51. Kg3 Qf5 52. Kf2
Rc3 53. Kg3 Bd5+ 0-1

[Event "Detroit (MOR/7/107)"]
[Site "?"]
[Date "1992.??.??"]
[Round "?"]
[White "Boyer, Mike"]
[Black "Radway, J."]
[Result "1-0"]
[WhiteElo "1605"]
[BlackElo "1605"]
[PlyCount "79"]
[EventDate "1992.??.??"]

{7/(107)} 1. e4 d5 2. exd5 Qxd5 3. Nc3 Qe5+ 4. Be2 g6 5. Nf3 Qf6 6. d3 Bg7 7.
Be3 Qa6 8. d4 Qa5 9. Bd2 Nh6 10. Nb5 Qb6 11. Bf4 O-O 12. Nxc7 Qb4+ 13. c3 Qxb2
14. Nxa8 Qxc3+ 15. Bd2 Qc6 16. O-O b6 17. Nxb6 axb6 18. Qb3 e6 19. Qb2 Qd6 20.
Bc3 Nf5 21. Bb4 Bxd4 22. Nxd4 Qxd4 23. Qxd4 Nxd4 24. Bxf8 Kxf8 25. Bd3 Bd7 26.
Rac1 Nbc6 27. Rfd1 e5 28. Rb1 h5 29. Rxb6 Be6 30. a4 h4 31. h3 Ne7 32. a5 Nc8
33. Rb8 Nb3 34. a6 Nc5 35. a7 Nd7 36. a8=Q Nxb8 37. Qxb8 Kg7 38. Qxe5+ Kh6 39.
f4 g5 40. Qh8# 1-0

[Event "Detroit (MOR/6/106)"]
[Site "?"]
[Date "1992.??.??"]
[Round "?"]
[White "Boyer, Mike"]
[Black "Mitchell, Dave"]
[Result "0-1"]
[WhiteElo "1605"]
[BlackElo "1605"]
[PlyCount "98"]
[EventDate "1992.??.??"]

{6/(106)} 1. e4 c6 2. Bc4 d5 3. exd5 cxd5 4. Bb3 Nf6 5. d3 Nc6 6. Nf3 Bg4 7. h3
Bh5 8. Nc3 h6 9. Bf4 e6 10. a3 Be7 11. g4 Bg6 12. g5 hxg5 13. Nxg5 Qa5 14. Qd2
Nh5 15. Be3 d4 16. Bxd4 Bxg5 17. Be3 Bxe3 18. Qxe3 Qe5 19. Ne4 Bxe4 20. dxe4
Nf4 21. O-O-O Rh4 22. f3 f5 23. Qf2 Rxh3 24. Rhe1 Qf6 25. exf5 Qxf5 26. Rd6 Ke7
27. Rd2 Rd8 28. Rxd8 Nxd8 29. Qd4 Qf6 30. Qc5+ Kf7 31. Qc7+ Kg6 32. Rg1+ Kh6
33. Bc4 Qd4 34. Rd1 Qe3+ 35. Kb1 Nc6 36. Ka2 Rxf3 37. Rh1+ Nh5 38. Bd3 Qc5 39.
Qf7 Rxf7 40. Rh2 Rf3 41. Rg2 Rxd3 42. cxd3 Qd5+ 43. b3 Qxg2+ 44. Ka1 Qf1+ 45.
Ka2 Qxd3 46. Kb2 Qd2+ 47. Ka1 Nd4 48. Kb1 Qc2+ 49. Ka1 Nxb3# 0-1

[Event "Flint (Class DE/5)"]
[Site "?"]
[Date "1992.??.??"]
[Round "?"]
[White "Boyer, Mike"]
[Black "Berlinger, Bradley"]
[Result "1-0"]
[WhiteElo "1605"]
[BlackElo "1605"]
[PlyCount "119"]
[EventDate "1992.??.??"]

1. e4 e5 2. Nf3 Nf6 3. Bd3 c6 4. Nxe5 d5 5. exd5 cxd5 6. O-O Qe7 7. Re1 Be6 8.
Bb5+ Nfd7 9. Nxd7 Nxd7 10. Bxd7+ Qxd7 11. Nc3 Bb4 12. a3 Bxc3 13. bxc3 O-O 14.
d3 Rfe8 15. c4 dxc4 16. dxc4 Qxd1 17. Rxd1 Rad8 18. Rxd8 Rxd8 19. Bg5 f6 20.
Be3 Bxc4 21. Bxa7 b5 22. h3 Ra8 23. Bc5 Kf7 24. c3 Ke6 25. Rd1 Rc8 26. Bb4 h5
27. g4 hxg4 28. hxg4 Rh8 29. Rd6+ Ke5 30. Rd4 g5 31. Bd6+ Ke6 32. f4 gxf4 33.
Bxf4 Rh4 34. Bd6 f5 35. gxf5+ Kd7 36. Rxh4 Kxd6 37. f6 Ke6 38. Rxc4 bxc4 39. a4
Kxf6 40. a5 Ke5 41. a6 Ke4 42. a7 Kd3 43. a8=Q Kxc3 44. Kf1 Kd3 45. Ke1 c3 46.
Kd1 c2+ 47. Kc1 Kc3 48. Qa2 Kd3 49. Qxc2+ Kd4 50. Kd2 Kd5 51. Qa4 Ke5 52. Ke3
Kd5 53. Qd4+ Kc6 54. Qe5 Kd7 55. Qf6 Kc7 56. Kd4 Kd7 57. Kc5 Kc7 58. Qf7+ Kd8
59. Kd6 Kc8 60. Qc7# 1-0

[Event "Flint (Class DE/4)"]
[Site "?"]
[Date "1992.??.??"]
[Round "?"]
[White "Boyer, Mike"]
[Black "Belill, Mike"]
[Result "0-1"]
[WhiteElo "1605"]
[BlackElo "1605"]
[PlyCount "72"]
[EventDate "1992.??.??"]

1. e4 c5 2. Nf3 d6 3. Nc3 Nf6 4. Bc4 a6 5. h3 Nxe4 6. Nxe4 d5 7. Nf6+ exf6 8.
Bd3 c4 9. Be2 Bc5 10. b3 b5 11. bxc4 dxc4 12. Bb2 Nc6 13. d4 Bb4+ 14. c3 Ba5
15. Rc1 Be6 16. Ba3 Rb8 17. O-O Ne7 18. Nd2 Nd5 19. Rb1 Qd7 20. Ne4 Bxh3 21.
Nd6+ Kd8 22. Bf3 Nxc3 23. Nb7+ Rxb7 24. Qc1 Nxb1 25. Bxb7 Qxb7 26. f3 Bf5 27.
Qf4 Nxa3 28. Qd6+ Qd7 29. Qxa3 Qxd4+ 30. Kh1 Qh4+ 31. Kg1 Bb6+ 32. Rf2 Bxf2+
33. Kf1 Bd3+ 34. Qxd3+ cxd3 35. a4 Bb6 36. f4 Qh1# 0-1

[Event "East Lansing (MI Am/1)"]
[Site "?"]
[Date "1992.??.??"]
[Round "?"]
[White "Borhani-Azar, C."]
[Black "Long, Randy"]
[Result "0-1"]
[WhiteElo "1605"]
[BlackElo "1825"]
[PlyCount "50"]
[EventDate "1992.??.??"]

1. e4 c5 2. Nf3 e6 3. Nc3 a6 4. d3 d5 5. exd5 exd5 6. d4 c4 7. Qe2+ Be7 8. Qe5
Nf6 9. Bg5 Nc6 10. Qe3 O-O 11. Ne5 Re8 12. Nxc6 bxc6 13. Kd2 h6 14. Bf4 Bb4 15.
Be5 Ng4 16. Qg3 Nxe5 17. dxe5 d4 18. Bxc4 dxc3+ 19. Kc1 cxb2+ 20. Kxb2 Qd4+ 21.
Kb3 Rb8 22. Bxf7+ Kxf7 23. Qf3+ Ke7 24. c3 Bxc3+ 25. Kc2 Qd2# 0-1

[Event "East Lansing (MI Am/5)"]
[Site "?"]
[Date "1992.??.??"]
[Round "?"]
[White "Borhani-Azar, C."]
[Black "Hencir, Edward"]
[Result "1/2-1/2"]
[WhiteElo "1605"]
[BlackElo "1755"]
[PlyCount "73"]
[EventDate "1992.??.??"]

1. e4 e6 2. Nf3 a6 3. Nc3 c5 4. d4 cxd4 5. Nxd4 Qc7 6. a3 h6 7. g3 Nf6 8. Bg2
Nc6 9. O-O Be7 10. Nxc6 bxc6 11. b3 O-O 12. Bb2 Bb7 13. Re1 d6 14. Qd2 Rac8 15.
Na4 Rfd8 16. Qe3 c5 17. c4 Bc6 18. Nc3 Qb7 19. Nd1 Rb8 20. Bxf6 Bxf6 21. Rb1
Bd4 22. Qd3 a5 23. Nc3 Qa8 24. Ne2 Bf6 25. Nc1 Rb6 26. Bf3 Be7 27. Rd1 Rdb8 28.
Re1 a4 29. Bd1 axb3 30. Rxb3 Rxb3 31. Nxb3 Qxa3 32. Bc2 e5 33. Ra1 Qb4 34. Rb1
Qa3 35. Ra1 Qb4 36. Rb1 Qa3 37. Ra1 1/2-1/2

[Event "East Lansing (MI Am/3)"]
[Site "?"]
[Date "1992.??.??"]
[Round "?"]
[White "Borhani-Azar, C."]
[Black "Griffin, John"]
[Result "0-1"]
[WhiteElo "1605"]
[BlackElo "1615"]
[PlyCount "98"]
[EventDate "1992.??.??"]

1. e4 c5 2. Nf3 Nc6 3. d4 cxd4 4. Nxd4 Nf6 5. Nc3 e5 6. Nf3 Bb4 7. Bd2 Bxc3 8.
Bxc3 Nxe4 9. Bxe5 Nxe5 10. Nxe5 Qa5+ 11. c3 Qxe5 12. Qe2 Qe6 13. g3 O-O 14. Bg2
Nf6 15. Bf3 Re8 16. Qxe6 Rxe6+ 17. Kf1 d5 18. Rd1 Bd7 19. Kg2 Bc6 20. Rhe1 Rxe1
21. Rxe1 Kf8 22. Kf1 Ne4 23. Ke2 Ng5 24. Bg2 Re8+ 25. Kd2 Rxe1 26. Kxe1 Ke7 27.
Ke2 Kd6 28. Kd3 b5 29. b3 a5 30. Kd4 Ne6+ 31. Kd3 f5 32. f4 h6 33. Bh3 g6 34.
Ke3 Kc5 35. Kd3 d4 36. cxd4+ Nxd4 37. g4 fxg4 38. Bxg4 Nf3 39. h3 Ne1+ 40. Ke2
Ng2 41. f5 gxf5 42. Bxf5 Kb4 43. Kd3 Ka3 44. Kd4 Kxa2 45. Be6 Ka3 46. Kc5 Be8
47. Bd5 Nf4 48. h4 Nxd5 49. Kxd5 Kxb3 0-1

[Event "Detroit (Pan Am/6)"]
[Site "?"]
[Date "1992.??.??"]
[Round "?"]
[White "Bonasera, J."]
[Black "Stockton, T."]
[Result "0-1"]
[WhiteElo "1605"]
[BlackElo "1605"]
[PlyCount "80"]
[EventDate "1992.??.??"]

1. d4 d5 2. c4 Nc6 3. Nc3 dxc4 4. Nf3 Bg4 5. e3 e5 6. dxe5 Qxd1+ 7. Nxd1 Bxf3
8. gxf3 Nxe5 9. Be2 Nd3+ 10. Bxd3 cxd3 11. b3 O-O-O 12. Bd2 Nf6 13. Rc1 Ba3 14.
Rc4 Rhe8 15. Rg1 g6 16. Rg5 Bf8 17. Nc3 a6 18. Na4 Rd6 19. Nb2 Nh5 20. Ba5 b6
21. Bc3 f5 22. Rd4 Rxd4 23. Bxd4 Bb4+ 24. Kd1 c5 25. Nxd3 cxd4 26. Nxb4 dxe3
27. fxe3 Rxe3 28. Nxa6 Rxf3 29. Rg2 Nf4 30. Rc2+ Kb7 31. Nb4 Rf1+ 32. Kd2 Rf2+
33. Ke3 Rxc2 34. Nxc2 Nd5+ 35. Kf3 Kc6 36. a4 Kc5 37. h3 g5 38. Kg3 h5 39. Kf3
f4 40. Kg2 Ne3+ 0-1

[Event "Detroit (Pan Am/5)"]
[Site "?"]
[Date "1992.??.??"]
[Round "?"]
[White "Bonasera, J."]
[Black "Falkowski, Kenneth"]
[Result "0-1"]
[WhiteElo "1605"]
[BlackElo "1700"]
[PlyCount "96"]
[EventDate "1992.??.??"]

1. d4 Nf6 2. Nc3 d6 3. e4 c6 4. Nf3 Bg4 5. Be2 Nbd7 6. h3 Bh5 7. e5 Bxf3 8.
exf6 Bxe2 9. fxe7 Bxd1 10. exd8=Q+ Rxd8 11. Kxd1 Nf6 12. Re1+ Kd7 13. Bg5 Be7
14. Bxf6 Bxf6 15. Re4 d5 16. Rg4 Rhe8 17. Kd2 h5 18. Rg3 Bxd4 19. Rf3 f6 20.
Kd3 Be5 21. Na4 Kd6 22. Rb1 Re7 23. b3 Rde8 24. Re1 g5 25. c4 dxc4+ 26. Kxc4
b5+ 27. Kd3 bxa4 28. Kc4 axb3 29. Rd1+ Ke6 30. Rxb3 Kf7 31. Rbd3 Bc7 32. Rd7
Bb6 33. f3 Rxd7 34. Rxd7+ Kg6 35. Rd6 Re2 36. Rxc6 Rxa2 37. g4 Rc2+ 38. Kd5
Rxc6 39. Kxc6 hxg4 40. hxg4 Kf7 41. Kd5 Ke7 42. Ke4 Ke6 43. f4 gxf4 44. Kxf4 a5
45. Ke4 a4 46. Kd3 a3 47. Kc2 Ke5 48. g5 fxg5 0-1

[Event "Ann Arbor (HVA/5/11)"]
[Site "?"]
[Date "1992.??.??"]
[Round "?"]
[White "Bolsen, J."]
[Black "Harlan, K."]
[Result "0-1"]
[WhiteElo "1605"]
[BlackElo "1670"]
[PlyCount "56"]
[EventDate "1992.??.??"]

{5/(11)} 1. c4 Nf6 2. Nc3 e6 3. Nf3 b6 4. g3 Bb7 5. Bg2 d5 6. cxd5 Nxd5 7. Nxd5
Bxd5 8. O-O Be7 9. d3 O-O 10. Qc2 c5 11. Bd2 Nd7 12. Rac1 h5 13. h4 Qc7 14. d4
Rac8 15. Bf4 Qb7 16. dxc5 Bxc5 17. Qd3 Be4 18. Qd2 Nf6 19. Be3 Rfd8 20. Qc3 Nd5
21. Qb3 Nxe3 22. fxe3 Bd5 23. Qc3 Bd6 24. Qd3 Bxg3 25. Ng5 Rxc1 26. Bxd5 Rxf1+
27. Kxf1 Qxd5 28. Qh7+ Kf8 0-1

[Event "Lansing (Aug)"]
[Site "?"]
[Date "1992.??.??"]
[Round "?"]
[White "Bohnhorst, B."]
[Black "Spencer, Gordon"]
[Result "0-1"]
[WhiteElo "1605"]
[BlackElo "1605"]
[PlyCount "118"]
[EventDate "1992.??.??"]

1. e4 g6 2. Bc4 Bg7 3. Nf3 e6 4. d3 Ne7 5. Be3 O-O 6. c3 Nbc6 7. Qd2 Re8 8. Bh6
Bh8 9. O-O d5 10. Bb5 Bd7 11. Bxc6 Bxc6 12. e5 d4 13. cxd4 Bxf3 14. gxf3 Qxd4
15. f4 Rad8 16. Qc3 Qxc3 17. Nxc3 a6 18. Rad1 Rd7 19. Rd2 Bg7 20. Bxg7 Kxg7 21.
Rfd1 Red8 22. Ne4 b6 23. f3 Nf5 24. Kg2 Rd4 25. Kh3 Ne3 26. Rc1 Nd5 27. Kg3 c5
28. b3 Nb4 29. Nd6 Nxd3 30. Rc3 Nxf4 31. Rxd4 Ne2+ 32. Kg4 Nxc3 33. Rf4 Rd7 34.
h4 h5+ 35. Kg5 Nxa2 36. Rf6 Nb4 37. Nxf7 Rxf7 38. Rxg6+ Kf8 39. Rf6 Nd5 40.
Rxf7+ Kxf7 41. Kxh5 Nf4+ 42. Kg5 Ng6 43. h5 Nxe5 44. f4 Nd7 45. f5 e5 46. h6
Nf6 47. Kh4 b5 48. Kg3 c4 49. bxc4 bxc4 50. Kf3 e4+ 51. Ke3 a5 52. Kd2 Kg8 53.
Kc3 e3 54. Kxc4 e2 55. h7+ Kxh7 56. Kb3 e1=Q 57. Ka3 Qa1+ 58. Kb3 a4+ 59. Kc2
a3 0-1